00659nam a22002057a 450000500170000001000140001702000260003102000230005703500130008003700130009308200130010624501340011925000110025326000380026427000410030230000470034350000190039070000240040970000200043320100722154355.0 aENG-96647 a9780070076594c275.00 a0070076596c275.00 aEN-80180 bDBAD/PUB a616.0756 aMedical lboratory technology : cedited by Kanai L.Mukherjee, Swarajit Ghosh bby a procedure manual for rutine diagnostic test / a2nd ed aNew Dehi bTata McGraw Hillc2010 a7 West Patel NagarbNew Dehie110008 av.1 xxiii, 446, 1.17 p. ;billc23cm (pbk) aIncludes index aMukherjee, Kanai L. aGhosh, Swarajit